000 00542cam a22002174a 4500
005 20250605164314.0
008 250528s ||||||||||||||||||||||||d
035 _a22638
020 _a9780201624205
040 _aGR-AtMCL
_bgre
_dGR-AtMCL
_eAACR2
245 1 _aCOMPUTER GRAPHICS AND VIRTUAL ENVIROMENTS
250 _a1
260 _bAddison-Wesley,
_c2002
300 _a571
700 1 _aChrysanthou Yiorgos
_98390
700 1 _aSlater Mel
_91891
700 1 _aSteed Anthony
_98391
942 _cBK
999 _c7686
_d7686